[Event "URU-ch (Women)"]
[Site "Punta del Este"]
[Date "2019.03.30"]
[Round "3"]
[White "Quevedo, Andreina"]
[Black "De San Vicente, Sabrina"]
[Result "1-0"]
[WhiteElo "1789"]
[BlackElo "1691"]
[PlyCount "75"]
[EventDate "2019.03.29"]
[EventType "swiss"]
[EventRounds "6"]
[EventCountry "URU"]
[SourceTitle "EXT 2021"]
[Source "ChessBase"]
[SourceDate "2020.10.23"]
[SourceVersion "1"]
[SourceVersionDate "2020.10.23"]
[SourceQuality "1"]

1. e4 e5 2. Bc4 Nf6 3. d3 Nc6 4. Nf3 h6 5. c3 Bc5 6. b4 Bb6 7. b5 Na5 8. Nxe5 0-0 9. Bxf7+ Rxf7 10. Nxf7 Kxf7 11. e5 Ne8 12. Qf3+ Kg8 13. Ba3 d6 14. Qd5+ Kh8 15. exd6 Nxd6 16. 0-0 Qf6 17. Bxd6 cxd6 18. d4 Bf5 19. Nd2 Rf8 20. Qf3 Qd8 21. Qg3 d5 22. Nf3 Nc4 23. Rfe1 Bc7 24. Ne5 Nxe5 25. dxe5 Be6 26. Re2 Bb6 27. Rd2 Qc7 28. Kh1 Qc4 29. a4 Rf4 30. h3 Qe4 31. f3 Qxe5 32. Re1 Qxc3 33. Qxf4 Bc7 34. Qe3 Qf6 35. Rc2 Bxh3 36. Rxc7 Qh4 37. Qe7 Bxg2+ 38. Kxg2 1-0

[Event "Montevideo Trebejos op 11"]
[Site "Montevideo"]
[Date "2016.11.16"]
[Round "2"]
[White "De San Vicente, Sabrina"]
[Black "Rey, Antonio"]
[Result "1/2-1/2"]
[WhiteElo "1646"]
[BlackElo "1305"]
[PlyCount "72"]
[EventDate "2016.11.14"]
[EventType "swiss"]
[EventRounds "7"]
[EventCountry "URU"]
[SourceTitle "EXT 2018"]
[Source "ChessBase"]
[SourceDate "2017.10.13"]
[SourceVersion "1"]
[SourceVersionDate "2017.10.13"]
[SourceQuality "1"]

1. d4 d5 2. c4 e6 3. cxd5 exd5 4. Nc3 Nf6 5. Bg5 Be7 6. e3 0-0 7. Bd3 Be6 8. Qc2 Nbd7 9. Nf3 c6 10. 0-0 Re8 11. Rab1 h6 12. Bh4 Qc7 13. Bg3 Bd6 14. Nb5 cxb5 15. Qxc7 Bxc7 16. Bxc7 Rac8 17. Rfc1 a6 18. Nd2 b6 19. Rc2 Nc5 20. dxc5 Rxc7 21. c6 Ne4 22. Nf3 Nc5 23. Rd1 Nxd3 24. Rxd3 Bf5 25. Rdc3 Bxc2 26. Rxc2 Re4 27. Nd4 g6 28. Kf1 f5 29. g3 Kf7 30. Ke2 Re8 31. Kd3 Ke7 32. b4 Kd6 33. Rc3 Ra7 34. Rc2 Rc7 35. Rc3 Ra7 36. Rc2 Rc7 1/2-1/2

[Event "Olympiad Women-42"]
[Site "Baku"]
[Date "2016.09.08"]
[Round "6.3"]
[White "De San Vicente, Sabrina"]
[Black "Kabamba, Mulwale Bwalya"]
[Result "1-0"]
[WhiteElo "1670"]
[BlackElo "1683"]
[PlyCount "91"]
[EventDate "2016.09.02"]
[EventType "team-swiss"]
[EventRounds "11"]
[EventCountry "AZE"]
[SourceTitle "CBM 174 Extra"]
[Source "ChessBase"]
[SourceDate "2016.10.10"]
[SourceVersion "1"]
[SourceVersionDate "2016.10.10"]
[SourceQuality "1"]
[WhiteTeam "Uruguay (W)"]
[BlackTeam "Zambia (W)"]
[WhiteTeamCountry "URU"]
[BlackTeamCountry "ZAM"]

1. d4 e6 2. c4 d5 3. cxd5 exd5 4. Nc3 c6 5. Qc2 Nf6 6. Bg5 Be7 7. e3 Bg4 8. Bd3 Nbd7 9. Nge2 Qc7 10. Bf4 Bd6 11. 0-0 0-0 12. Rab1 Bxe2 13. Nxe2 Rfe8 14. Bxd6 Qxd6 15. h3 Re7 16. Nc3 Nf8 17. b4 b5 18. Rfc1 a6 19. Ne2 Rc7 20. a4 Raa7 21. Nf4 N8d7 22. a5 Nb8 23. Rb2 Re7 24. Be2 Rac7 25. Nd3 Nfd7 26. Nc5 Nxc5 27. Qxc5 Qxc5 28. Rxc5 Kf8 29. Bg4 Ke8 30. Rbc2 Kd8 31. h4 g6 32. Kh2 f5 33. Bf3 Kd7 34. Bxd5 Kd6 35. Bf3 h5 36. Kg3 Rg7 37. Kf4 Kd7 38. Ke5 Re7+ 39. Kf6 Re6+ 40. Kg5 Kd8 41. Kf4 Rd6 42. Ke5 Ke7 43. Kf4 Kf6 44. d5 Nd7 45. Rxc6 Rcxc6 46. dxc6 1-0

[Event "Olympiad Women-42"]
[Site "Baku"]
[Date "2016.09.05"]
[Round "4.40"]
[White "Rinne, Heini"]
[Black "De San Vicente, Sabrina"]
[Result "1/2-1/2"]
[WhiteElo "1751"]
[BlackElo "1670"]
[PlyCount "71"]
[EventDate "2016.09.02"]
[EventType "team-swiss"]
[EventRounds "11"]
[EventCountry "AZE"]
[SourceTitle "CBM 174 Extra"]
[Source "ChessBase"]
[SourceDate "2016.10.10"]
[SourceVersion "1"]
[SourceVersionDate "2016.10.10"]
[SourceQuality "1"]
[WhiteTeam "Finland (W)"]
[BlackTeam "Uruguay (W)"]
[WhiteTeamCountry "FIN"]
[BlackTeamCountry "URU"]

1. d4 d5 2. c4 e6 3. Nc3 c6 4. Nf3 dxc4 5. a4 Bb4 6. e3 b5 7. axb5 cxb5 8. Bd2 Bxc3 9. Bxc3 a5 10. b3 Bb7 11. bxc4 b4 12. Bb2 Nf6 13. Bd3 0-0 14. 0-0 Nbd7 15. Bc2 Ne4 16. Nd2 Ndf6 17. f3 Nxd2 18. Qxd2 Qb6 19. Qd3 g6 20. Ba4 Rfd8 21. Qe2 Nd7 22. Rfc1 Bc6 23. Kf1 Bxa4 24. Rxa4 Rdc8 25. Rca1 Qc7 26. c5 e5 27. Qf2 exd4 28. exd4 Qxh2 29. Rxa5 Rxa5 30. Rxa5 Qh1+ 31. Qg1 Qxg1+ 32. Kxg1 Kf8 33. Rb5 Rb8 34. Rxb8+ Nxb8 35. Kf2 Ke7 36. Ke3 1/2-1/2

[Event "URU-ch Amateur"]
[Site "Colonia del Sacramento"]
[Date "2016.07.18"]
[Round "7.17"]
[White "Appoloni, Facundo Jose"]
[Black "De San Vicente, Sabrina"]
[Result "1/2-1/2"]
[WhiteElo "1520"]
[BlackElo "1680"]
[PlyCount "67"]
[EventDate "2016.07.15"]
[EventType "swiss"]
[EventRounds "7"]
[EventCountry "URU"]
[SourceTitle "EXT 2024"]
[Source "ChessBase"]
[SourceDate "2023.10.10"]
[SourceVersion "1"]
[SourceVersionDate "2023.10.10"]
[SourceQuality "1"]

1. d4 d5 2. Nf3 c5 3. c3 cxd4 4. cxd4 Nc6 5. e3 Bf5 6. Bb5 e6 7. Ne5 Rc8 8. Nc3 Bd6 9. Nxc6 bxc6 10. Bd3 Bxd3 11. Qxd3 Nf6 12. Bd2 0-0 13. 0-0 c5 14. dxc5 Bxc5 15. Ne2 Ne4 16. h3 a5 17. Nc3 Nd6 18. b3 Bb4 19. Na4 Ne4 20. Bxb4 axb4 21. Rac1 Qa5 22. Rc2 Rc7 23. Rfc1 Rfc8 24. f3 Nc3 25. Qd2 h6 26. a3 Nxa4 27. axb4 Rxc2 28. Rxc2 Rxc2 29. Qxc2 Qxb4 30. bxa4 Qe1+ 31. Kh2 Qxe3 32. a5 d4 33. Qc5 Qf4+ 34. Kg1 1/2-1/2

[Event "URU-ch Amateur"]
[Site "Colonia del Sacramento"]
[Date "2016.07.16"]
[Round "2.16"]
[White "Gandara, Jorge"]
[Black "De San Vicente, Sabrina"]
[Result "0-1"]
[WhiteElo "1490"]
[BlackElo "1680"]
[PlyCount "86"]
[EventDate "2016.07.15"]
[EventType "swiss"]
[EventRounds "7"]
[EventCountry "URU"]
[SourceTitle "EXT 2024"]
[Source "ChessBase"]
[SourceDate "2023.10.10"]
[SourceVersion "1"]
[SourceVersionDate "2023.10.10"]
[SourceQuality "1"]

1. e4 e5 2. Nf3 Nf6 3. Nc3 Nc6 4. Bc4 Nxe4 5. Bxf7+ Kxf7 6. Nxe4 d5 7. Neg5+ Kg8 8. d3 h6 9. Nh3 Kh7 10. d4 Bxh3 11. gxh3 e4 12. Ne5 Nxe5 13. dxe5 Bc5 14. Bf4 Rf8 15. Qg4 Qe7 16. Rg1 g5 17. Be3 Bxe3 18. fxe3 Qb4+ 19. Kd1 Qxb2 20. Rc1 Qxe5 21. h4 Rg8 22. hxg5 Rxg5 23. Qd7+ Kh8 24. Rxg5 hxg5 25. Qh3+ Kg7 26. Kd2 Rh8 27. Qd7+ Kg6 28. h3 Qh2+ 29. Kc3 Rxh3 30. Qe6+ Kh5 31. Qf7+ Kh4 32. Qh7+ Kg4 33. Qd7+ Kf3 34. Qf7+ Kg2 35. Kd4 Rh7 36. Qf1+ Kg3 37. Qe1+ Qf2 38. Qxf2+ Kxf2 39. Rd1 c6 40. Rd2+ Kf3 41. Ke5 g4 42. Kd4 g3 43. c3 g2 0-1

[Event "Montevideo Trebejos op 02"]
[Site "Montevideo"]
[Date "2016.03.09"]
[Round "7"]
[White "Rocca, Jose"]
[Black "De San Vicente, Sabrina"]
[Result "0-1"]
[WhiteElo "1659"]
[BlackElo "1712"]
[PlyCount "104"]
[EventDate "2016.02.22"]
[EventType "swiss"]
[EventRounds "7"]
[EventCountry "URU"]
[SourceTitle "EXT 2017"]
[Source "ChessBase"]
[SourceDate "2016.10.25"]
[SourceVersion "1"]
[SourceVersionDate "2016.10.25"]
[SourceQuality "1"]

1. d4 d5 2. c4 e6 3. Nc3 c6 4. e3 f5 5. cxd5 exd5 6. Nf3 Nf6 7. Be2 Bd6 8. 0-0 0-0 9. Ne5 Nbd7 10. f4 Ne4 11. Nxe4 fxe4 12. Bd2 Nf6 13. g4 Be6 14. f5 Bf7 15. g5 Nd7 16. g6 Be8 17. gxh7+ Kxh7 18. Nxd7 Qg5+ 19. Kh1 Bxd7 20. Rg1 Qh6 21. Rg2 Bxf5 22. Qg1 Bh3 23. Rg5 Rf6 24. Rh5 Rg6 25. Rxh6+ gxh6 26. Qf2 Rf8 27. Qxf8 Bxf8 28. Rg1 Be7 29. Rxg6 Kxg6 30. Be1 Kg5 31. Bg3 h5 32. Kg1 Bg4 33. Bf4+ Kf5 34. Bf1 Bg5 35. Bxg5 Kxg5 36. Bg2 Kh4 37. Kf2 Bh3 38. b4 Bxg2 39. Kxg2 Kg4 40. a4 a6 41. a5 h4 42. h3+ Kf5 43. Kf2 Ke6 44. Ke2 Kd7 45. Kd2 Kc7 46. Kc3 b6 47. Kb3 bxa5 48. bxa5 Kd7 49. Ka4 c5 50. dxc5 d4 51. Kb3 d3 52. Kc3 Kc6 0-1

[Event "Montevideo Trebejos op 02"]
[Site "Montevideo"]
[Date "2016.03.02"]
[Round "4"]
[White "De San Vicente, Sabrina"]
[Black "Vinella, Marcelo"]
[Result "0-1"]
[WhiteElo "1712"]
[BlackElo "1773"]
[PlyCount "74"]
[EventDate "2016.02.22"]
[EventType "swiss"]
[EventRounds "7"]
[EventCountry "URU"]
[SourceTitle "CBM 171 Extra"]
[Source "ChessBase"]
[SourceDate "2016.04.26"]
[SourceVersion "1"]
[SourceVersionDate "2016.04.26"]
[SourceQuality "1"]

1. d4 d5 2. c4 e5 3. dxe5 d4 4. Nf3 Nc6 5. g3 Nge7 6. Bg2 Bg4 7. 0-0 Ng6 8. Bg5 Qd7 9. Qa4 Bc5 10. Na3 h6 11. Bd2 Ncxe5 12. Qxd7+ Bxd7 13. b4 Nxf3+ 14. Bxf3 Be7 15. c5 c6 16. Nc4 0-0 17. Be4 Be6 18. Bd3 Bxc4 19. Bxc4 Ne5 20. Bb3 d3 21. exd3 Nf3+ 22. Kg2 Nxd2 23. Rfe1 Nxb3 24. axb3 Bf6 25. Rac1 Rfe8 26. Kf1 Kf8 27. Rc4 Rad8 28. Rxe8+ Kxe8 29. Ke2 Rd4 30. Kd2 Kd7 31. Ke3 Rxc4 32. bxc4 Ke6 33. h3 Bc3 34. b5 cxb5 35. cxb5 Kd5 36. c6 bxc6 37. bxc6 Kxc6 0-1

[Event "La Paloma op 4th"]
[Site "La Paloma"]
[Date "2015.02.07"]
[Round "2"]
[White "De San Vicente, Sabrina"]
[Black "Rodriguez Farias, Eduardo"]
[Result "0-1"]
[WhiteElo "1690"]
[BlackElo "1940"]
[PlyCount "56"]
[EventDate "2015.02.06"]
[EventType "swiss"]
[EventRounds "5"]
[EventCountry "URU"]
[SourceTitle "CBM 164 Extra"]
[Source "ChessBase"]
[SourceDate "2015.03.02"]
[SourceVersion "1"]
[SourceVersionDate "2015.03.02"]
[SourceQuality "1"]

1. d4 Nf6 2. c4 g6 3. Nc3 Bg7 4. e4 d6 5. f3 0-0 6. Be3 c5 7. Nge2 Nc6 8. Qd2 e6 9. Rd1 Qa5 10. g3 a6 11. Bg2 cxd4 12. Nxd4 Ne5 13. b3 b5 14. cxb5 axb5 15. Ndxb5 Ba6 16. Qxd6 Bxb5 17. b4 Qa3 18. Qxe5 Ng4 19. Qxb5 Bxc3+ 20. Bd2 Rfd8 21. fxg4 Bxd2+ 22. Kf1 Rab8 23. Qe2 Qxa2 24. Bf3 Rxb4 25. Kg2 Rb2 26. Kh3 Qa5 27. Qc4 Qg5 28. Qc7 Qh6+ 0-1

[Event "URU-chT Clubs"]
[Site "Punta del Este"]
[Date "2014.08.23"]
[Round "2.13"]
[White "Chamlian, Aram"]
[Black "De San Vicente, Sabrina"]
[Result "1-0"]
[WhiteElo "1722"]
[BlackElo "1687"]
[PlyCount "67"]
[EventDate "2014.08.23"]
[EventType "team-swiss"]
[EventRounds "5"]
[EventCountry "URU"]
[SourceTitle "EXT 2017"]
[Source "ChessBase"]
[SourceDate "2016.10.25"]
[SourceVersion "1"]
[SourceVersionDate "2016.10.25"]
[SourceQuality "1"]

1. e4 e5 2. Nf3 Nf6 3. Nc3 Nc6 4. d4 exd4 5. Nxd4 Bb4 6. Bc4 0-0 7. Bg5 Re8 8. 0-0 Bxc3 9. bxc3 Rxe4 10. Qf3 Re8 11. Qg3 d5 12. Bd3 a6 13. Qh4 h6 14. Be3 Ng4 15. Qg3 Nxe3 16. fxe3 Ne5 17. Rf4 Qe7 18. Bf5 Qg5 19. Qf2 Nc4 20. Rf1 Bxf5 21. Nxf5 f6 22. Rf3 Re4 23. h4 Rxh4 24. Nxh4 Re8 25. Nf5 Re4 26. Rg3 Rg4 27. Rxg4 Qxg4 28. Qf4 Qe2 29. Qxc7 Qg4 30. Qd8+ Kh7 31. Ne7 h5 32. Qg8+ Kh6 33. Qh8+ Kg5 34. Qxg7+ 1-0

[Event "Olympiad Women-41"]
[Site "Tromsoe"]
[Date "2014.08.06"]
[Round "5.4"]
[White "Bakalarz, Grazyna"]
[Black "De San Vicente, Sabrina"]
[Result "1-0"]
[WhiteElo "1972"]
[BlackElo "1687"]
[PlyCount "135"]
[EventDate "2014.08.02"]
[EventType "team-swiss"]
[EventRounds "11"]
[EventCountry "NOR"]
[SourceTitle "CBM 162"]
[Source "ChessBase"]
[SourceDate "2014.09.17"]
[SourceVersion "1"]
[SourceVersionDate "2014.09.17"]
[SourceQuality "1"]
[WhiteTeam "Luxembourg (W)"]
[BlackTeam "Uruguay (W)"]
[WhiteTeamCountry "LUX"]
[BlackTeamCountry "URU"]

1. d4 f5 2. c4 e6 3. Nf3 Nf6 4. Nc3 Be7 5. Bf4 c6 6. e3 0-0 7. Bd3 d5 8. Ne5 Ne4 9. h3 Nd7 10. 0-0 Nxe5 11. Bxe5 Bf6 12. Bxf6 Rxf6 13. Bxe4 fxe4 14. Qb3 Kh8 15. a4 a5 16. Ne2 b6 17. Qc2 Ba6 18. b3 Rh6 19. Ng3 Rg6 20. Rfc1 Qg5 21. Qd1 Bb7 22. c5 Rf8 23. Ra2 e5 24. dxe5 Qxe5 25. Qd4 Qg5 26. Qd1 Rgf6 27. Qh5 Qxh5 28. Nxh5 Rh6 29. Ng3 bxc5 30. Rxc5 Ra8 31. Nf5 Rf6 32. Nd4 h5 33. Rac2 Ra6 34. R2c3 Kg8 35. Rc2 Kf7 36. Rb2 Ke7 37. b4 Kd6 38. Rxa5 Rxa5 39. bxa5 c5 40. Rxb7 cxd4 41. exd4 Kc6 42. Rxg7 Rf8 43. Rg6+ Kc7 44. a6 Rd8 45. a5 Kb8 46. Kf1 Ka8 47. Ke2 Rb8 48. Rb6 Rg8 49. g3 Rf8 50. Rd6 Rf5 51. h4 Ka7 52. Rh6 Ka8 53. Rh7 Kb8 54. Rg7 Rf6 55. Rg5 Rd6 56. Rxh5 Ka7 57. Rh8 Kxa6 58. Ra8+ Kb7 59. Rf8 Ka6 60. h5 Kxa5 61. g4 Kb4 62. g5 Kc4 63. h6 Ra6 64. h7 Ra2+ 65. Kf1 Kxd4 66. h8Q+ Kd3 67. Rd8 Kc4 68. Rc8+ 1-0

[Event "Olympiad Women-41"]
[Site "Tromsoe"]
[Date "2014.08.03"]
[Round "2.4"]
[White "Thapelo, Francis"]
[Black "De San Vicente, Sabrina"]
[Result "0-1"]
[WhiteElo "1723"]
[BlackElo "1687"]
[PlyCount "116"]
[EventDate "2014.08.02"]
[EventType "team-swiss"]
[EventRounds "11"]
[EventCountry "NOR"]
[SourceTitle "CBM 162"]
[Source "ChessBase"]
[SourceDate "2014.09.17"]
[SourceVersion "1"]
[SourceVersionDate "2014.09.17"]
[SourceQuality "1"]
[WhiteTeam "Botswana (W)"]
[BlackTeam "Uruguay (W)"]
[WhiteTeamCountry "BOT"]
[BlackTeamCountry "URU"]

1. e4 e5 2. Nf3 Nf6 3. Nxe5 Nxe4 4. d3 Nf6 5. Be2 d6 6. Nf3 d5 7. 0-0 Bd6 8. Re1 0-0 9. h3 h6 10. Nbd2 Be6 11. d4 Nbd7 12. Bd3 c5 13. dxc5 Nxc5 14. Nf1 Nxd3 15. Qxd3 a6 16. Ne3 Rc8 17. Nd4 Re8 18. c3 Qb6 19. Nec2 Ne4 20. Rb1 Rxc3 21. bxc3 Qxb1 22. Bxh6 Qxa2 23. Be3 Rc8 24. Ne2 Qc4 25. Qxc4 Rxc4 26. Bd4 Bc5 27. Ne3 Ra4 28. f3 Bxd4 29. cxd4 Nd6 30. Nc3 Ra5 31. Rb1 Kf8 32. Kf2 Ke7 33. Ke2 Kd7 34. Kd2 Kc6 35. Rc1 Nc4+ 36. Ke2 Kd6 37. Ned1 b5 38. Rb1 Bf5 39. Rb4 Ra1 40. g4 Bc2 41. Nf2 Ba4 42. Rb1 Rxb1 43. Nxb1 b4 44. Nd3 Bb5 45. Kd1 Ne3+ 46. Kd2 Bxd3 47. Kxd3 Nc4 48. f4 a5 49. f5 Ke7 50. h4 Kf6 51. Nd2 Nxd2 52. Kxd2 a4 53. Kc2 g6 54. fxg6 Kxg6 55. h5+ Kh6 56. Kd3 f5 57. gxf5 Kxh5 58. f6 Kg6 0-1

[Event "URU-ch sf"]
[Site "Montevideo"]
[Date "2014.03.01"]
[Round "3"]
[White "Vaz Lacuesta, Leonardo"]
[Black "De San Vicente, Sabrina"]
[Result "1-0"]
[WhiteElo "2048"]
[BlackElo "1692"]
[PlyCount "67"]
[EventDate "2014.02.28"]
[EventType "swiss"]
[EventRounds "9"]
[EventCountry "URU"]
[SourceTitle "CBM 159 Extra"]
[Source "ChessBase"]
[SourceDate "2014.04.24"]
[SourceVersion "1"]
[SourceVersionDate "2014.04.24"]
[SourceQuality "1"]

1. e4 e5 2. Nf3 Nf6 3. Bc4 Nxe4 4. d3 Nd6 5. Nxe5 Nxc4 6. Nxc4 Be7 7. 0-0 0-0 8. Nc3 d5 9. Ne5 c6 10. d4 Nd7 11. Bf4 Nxe5 12. Bxe5 Bd6 13. Re1 Be6 14. Qd3 Qc7 15. Re3 Bxe5 16. Rxe5 Rae8 17. Rae1 Bd7 18. Qg3 Rxe5 19. Rxe5 Qb8 20. Na4 f6 21. Re7 Qxg3 22. hxg3 Bf5 23. Rxb7 Bxc2 24. Nc5 Rf7 25. Nd7 g5 26. Rxa7 Bf5 27. Ra8+ Kg7 28. Nc5 Re7 29. Kf1 Be4 30. a4 Bb1 31. a5 Bg6 32. a6 Be8 33. Rb8 Kf7 34. Rb7 1-0

[Event "URU-ch sf"]
[Site "Montevideo"]
[Date "2014.02.28"]
[Round "1"]
[White "Colombo, Camila"]
[Black "De San Vicente, Sabrina"]
[Result "1-0"]
[WhiteElo "2100"]
[BlackElo "1692"]
[PlyCount "73"]
[EventDate "2014.02.28"]
[EventType "swiss"]
[EventRounds "9"]
[EventCountry "URU"]
[SourceTitle "CBM 159 Extra"]
[Source "ChessBase"]
[SourceDate "2014.04.24"]
[SourceVersion "1"]
[SourceVersionDate "2014.04.24"]
[SourceQuality "1"]

1. d4 d5 2. c4 e6 3. g3 f5 4. Bg2 c6 5. Nh3 Nf6 6. 0-0 Bd6 7. b3 Qe7 8. Bf4 0-0 9. Nd2 Nbd7 10. Nf3 Bxf4 11. Nxf4 dxc4 12. bxc4 e5 13. dxe5 Nxe5 14. Nxe5 Qxe5 15. Qb3 Kh8 16. Rfd1 Rb8 17. Qa3 Be6 18. Nd3 Qc7 19. Nc5 Qf7 20. Rab1 Bxc4 21. Nxb7 Bxe2 22. Re1 Bb5 23. Re7 Qc4 24. Nd6 Qa4 25. Qe3 Bc4 26. Re1 Bd5 27. Rxa7 Qb4 28. Qe7 Qg4 29. Rb7 Ra8 30. Bh3 Qg5 31. f4 Qh6 32. Bxf5 Kg8 33. Be6+ Bxe6 34. Qxe6+ Kh8 35. Nf7+ Rxf7 36. Qxf7 Rxa2 37. Rb8+ 1-0

[Event "Montevideo zt 2.5 (Women)"]
[Site "Montevideo"]
[Date "2013.04.22"]
[Round "6"]
[White "Avalos, Leticia"]
[Black "De San Vicente, Sabrina"]
[Result "1-0"]
[WhiteElo "1725"]
[BlackElo "1728"]
[PlyCount "69"]
[EventDate "2013.04.19"]
[EventType "swiss"]
[EventRounds "9"]
[EventCountry "URU"]
[SourceTitle "EXT 2014"]
[Source "ChessBase"]
[SourceDate "2013.11.20"]
[SourceVersion "1"]
[SourceVersionDate "2013.11.20"]
[SourceQuality "1"]

1. d4 d5 2. Nf3 c5 3. c3 e6 4. Bf4 Nc6 5. e3 Nf6 6. Nbd2 Be7 7. Bd3 0-0 8. Ne5 Nxe5 9. dxe5 Nd7 10. Qh5 f5 11. h3 c4 12. Bc2 Nc5 13. Qe2 Bd7 14. g4 Ne4 15. gxf5 exf5 16. Nf3 b5 17. 0-0 b4 18. cxb4 Bxb4 19. Rad1 Be8 20. Nd4 Qh4 21. Kh2 Bh5 22. f3 Kh8 23. e6 Be7 24. Nc6 Bg5 25. Bxg5 Qxg5 26. Rg1 Qf6 27. Qg2 Nc5 28. Rxd5 Qxb2 29. Rxc5 Bxf3 30. Qxf3 Qxc2+ 31. Rg2 Qc3 32. e7 Rfe8 33. Rxf5 h6 34. Rf8+ Kh7 35. Qf5+ 1-0

[Event "Montevideo zt 2.5 (Women)"]
[Site "Montevideo"]
[Date "2013.04.22"]
[Round "5"]
[White "Larrea, Daniela"]
[Black "De San Vicente, Sabrina"]
[Result "1/2-1/2"]
[WhiteElo "1700"]
[BlackElo "1728"]
[PlyCount "29"]
[EventDate "2013.04.19"]
[EventType "swiss"]
[EventRounds "9"]
[EventCountry "URU"]
[SourceTitle "EXT 2014"]
[Source "ChessBase"]
[SourceDate "2013.11.20"]
[SourceVersion "1"]
[SourceVersionDate "2013.11.20"]
[SourceQuality "1"]

1. d4 d5 2. e3 Bf5 3. Bd3 Bxd3 4. Qxd3 c6 5. Nf3 e6 6. 0-0 Nf6 7. b3 Nbd7 8. Ba3 Bxa3 9. Nxa3 0-0 10. c4 c5 11. cxd5 Nxd5 12. Nc4 cxd4 13. Qxd4 Qf6 14. Rfd1 Rfd8 15. Qxf6 1/2-1/2